000 00728nam a2200289Ia 4500
005 20260324111257.0
008 008 260324s9999 xx 000 0 eng d
020 _a9781032642338
037 _aEBOOK
040 _aCRL
040 _beng
040 _cCRL
041 _2eng
041 _aeng
084 _qCRL
100 _aClara Eugenia Franco Yáñez
_91137884
245 0 _aChanging Abortion Laws in Mexico Through Advocacy and Human Rights
245 0 _bWhen Federalism Came to Life
260 _bTaylor and Francis
260 _c2025
365 _a
365 _b230
856 _uhttp://www.taylorfrancis.com/books/9781032642338
942 _cEBOOK
999 _c1726654
_d1726654